[Event "Murrhard Wuerttemberg op"]
[Site "Murrhard"]
[Date "2021.08.20"]
[Round "4"]
[White "Schmidt, Markus1111"]
[Black "Keller, Joachim"]
[Result "0-1"]
[WhiteElo "1772"]
[BlackElo "1874"]
[PlyCount "96"]
[EventDate "2021.08.18"]
[EventType "swiss"]
[EventRounds "7"]
[EventCountry "GER"]
[SourceTitle "CBM 204 Extra"]
[Source "ChessBase"]
[SourceDate "2021.11.30"]
[SourceVersion "1"]
[SourceVersionDate "2021.11.30"]
[SourceQuality "1"]

1. e4 e6 2. d4 d5 3. Nc3 Be7 4. Nf3 Nf6 5. e5 Nfd7 6. Ne2 b6 7. g3 Ba6 8. Bg2 c5 9. c3 cxd4 10. cxd4 0-0 11. a3 Nc6 12. b4 Bc4 13. Be3 a5 14. bxa5 Nxa5 15. Nd2 b5 16. 0-0 Nb6 17. Re1 Bxe2 18. Rxe2 Nac4 19. Nxc4 bxc4 20. a4 Bb4 21. Rea2 Ba5 22. Rb1 Qd7 23. Rb5 Rfb8 24. Qb1 Qa7 25. Bf3 Rb7 26. Bd1 Rab8 27. Bc2 Nd7 28. Bxh7+ Kh8 29. Bc2 Rxb5 30. axb5 Qb6 31. Qf1 Kg8 32. Qh3 Nf8 33. Rb2 Bc3 34. Rb1 Bxd4 35. Bxd4 Qxd4 36. Qh5 Qd2 37. Ba4 c3 38. Qd1 Qxd1+ 39. Rxd1 Nd7 40. Rd3 Nb6 41. Bb3 Rc8 42. Bc2 Rc4 43. Kf1 d4 44. Ke2 Nd5 45. Rd1 Nb4 46. Bd3 Rc5 47. f4 Nxd3 48. Rxd3 c2 0-1

[Event "Wuerttemberg-ch"]
[Site "Stuttgart"]
[Date "2017.08.27"]
[Round "2"]
[White "Jaeschke, Armin"]
[Black "Keller, Joachim"]
[Result "1-0"]
[WhiteElo "2082"]
[BlackElo "1932"]
[PlyCount "75"]
[EventDate "2017.08.26"]
[EventType "swiss"]
[EventRounds "9"]
[EventCountry "GER"]
[SourceTitle "CBM 180 Extra"]
[Source "ChessBase"]
[SourceDate "2017.10.06"]
[SourceVersion "1"]
[SourceVersionDate "2017.10.06"]
[SourceQuality "1"]

1. c4 c6 2. e4 d5 3. exd5 cxd5 4. d4 Nf6 5. Nc3 Nc6 6. Bg5 e6 7. Nf3 Be7 8. Bd3 0-0 9. 0-0 h6 10. Bf4 Bd6 11. Qd2 Bxf4 12. Qxf4 dxc4 13. Bxc4 Ne7 14. Ne5 Ned5 15. Qf3 Nb6 16. Rfd1 Nxc4 17. Nxc4 Qe7 18. Rac1 Rd8 19. a3 Rb8 20. Ne5 Bd7 21. b4 Be8 22. Ne4 Nxe4 23. Qxe4 Ba4 24. Rd2 Bb3 25. Qe3 Bd5 26. Rdc2 Qg5 27. f4 Qh5 28. Rc7 f6 29. Qg3 g5 30. Nd7 Rxd7 31. Rxd7 Bc6 32. fxg5 Bxd7 33. gxf6+ Qg5 34. Qxb8+ Kf7 35. Qc7 Qe3+ 36. Kh1 Qxd4 37. Qd8 Qd5 38. Qe7+ 1-0

[Event "Wuerttemberg-ch MT"]
[Site "Gruenbach"]
[Date "2014.09.07"]
[Round "9"]
[White "Schnabel, Andreas"]
[Black "Keller, Joachim"]
[Result "0-1"]
[WhiteElo "2087"]
[BlackElo "1926"]
[PlyCount "68"]
[EventDate "2014.08.30"]
[EventType "swiss"]
[EventRounds "9"]
[EventCountry "GER"]
[SourceTitle "EXT 2017"]
[Source "ChessBase"]
[SourceDate "2016.10.25"]
[SourceVersion "1"]
[SourceVersionDate "2016.10.25"]
[SourceQuality "1"]

1. d4 d5 2. Nf3 c6 3. c4 e6 4. g3 f5 5. Bg2 Nf6 6. 0-0 Bd6 7. b3 Nbd7 8. Ba3 Bxa3 9. Nxa3 Qe7 10. Nc2 0-0 11. Nce1 dxc4 12. bxc4 e5 13. d5 e4 14. d6 Qf7 15. Nd4 Ng4 16. Qb3 c5 17. Nb5 Qf6 18. Nc2 Nb6 19. Nxa7 Qxd6 20. Rad1 Qh6 21. h3 Ne5 22. Nxc8 Raxc8 23. Ne3 Rc6 24. Nd5 Re8 25. f4 exf3 26. exf3 Nxd5 27. Rxd5 f4 28. Qc3 Nf7 29. g4 Rce6 30. Rh5 Qg6 31. Rxc5 Re2 32. Rf2 Rxf2 33. Kxf2 Qb6 34. Qd4 Rd8 0-1

[Event "Wuerttemberg-ch MT"]
[Site "Gruenbach"]
[Date "2014.08.30"]
[Round "1"]
[White "Keller, Joachim"]
[Black "Meschke, Andreas"]
[Result "1-0"]
[WhiteElo "1926"]
[BlackElo "2101"]
[PlyCount "73"]
[EventDate "2014.08.30"]
[EventType "swiss"]
[EventRounds "9"]
[EventCountry "GER"]
[SourceTitle "EXT 2017"]
[Source "ChessBase"]
[SourceDate "2016.10.25"]
[SourceVersion "1"]
[SourceVersionDate "2016.10.25"]
[SourceQuality "1"]

1. e4 e5 2. Nf3 Nc6 3. Nc3 Nf6 4. Bb5 Bb4 5. 0-0 0-0 6. d3 d6 7. Bg5 Bxc3 8. bxc3 Qe7 9. d4 Bg4 10. d5 Nd8 11. Bd3 h6 12. Be3 Nxd5 13. exd5 e4 14. Be2 exf3 15. Bxf3 Bf5 16. Qd2 Qh4 17. Rab1 a5 18. g3 Qf6 19. Bd4 Qg6 20. Rbc1 Re8 21. Rfe1 Rxe1+ 22. Qxe1 f6 23. Qe2 Qf7 24. Re1 Kf8 25. Be4 Bxe4 26. Qxe4 f5 27. Qd3 b6 28. c4 Kg8 29. g4 fxg4 30. Qe4 Nb7 31. Qxg4 Nc5 32. Re3 Kh7 33. Rf3 Qe7 34. Rg3 g5 35. Qf5+ Kg8 36. Qg6+ Kf8 37. Rf3+ 1-0

[Event "Reutlingen op 19th"]
[Site "Reutlingen"]
[Date "2014.06.07"]
[Round "1"]
[White "Gheng, Josef"]
[Black "Keller, Joachim"]
[Result "1-0"]
[WhiteElo "2331"]
[BlackElo "1903"]
[PlyCount "59"]
[EventDate "2014.06.07"]
[EventType "swiss"]
[EventRounds "7"]
[EventCountry "GER"]
[SourceTitle "EXT 2015"]
[Source "ChessBase"]
[SourceDate "2014.11.20"]
[SourceVersion "1"]
[SourceVersionDate "2014.11.20"]
[SourceQuality "1"]

1. c4 e6 2. Nf3 d5 3. d4 Nf6 4. Nc3 Be7 5. g3 0-0 6. Bg2 c5 7. cxd5 exd5 8. 0-0 Nc6 9. Bf4 a6 10. Rc1 c4 11. Ne5 Bf5 12. g4 Nxg4 13. Nxg4 Bxg4 14. Nxd5 Bg5 15. Bxg5 Qxg5 16. Rxc4 Rae8 17. Re1 Bh3 18. Nf4 Bxg2 19. Nxg2 Qd5 20. b3 b5 21. Rc5 Qe4 22. e3 Nb4 23. f3 Qd3 24. a3 Rxe3 25. Nxe3 Qg6+ 26. Ng2 Nd3 27. Re4 Nxc5 28. dxc5 Qf6 29. b4 Rd8 30. Qd6 1-0

[Event "Wuerttemberg-ch KT"]
[Site "Bisingen"]
[Date "2013.09.06"]
[Round "7"]
[White "Keller, Joachim"]
[Black "Wendler, David"]
[Result "1/2-1/2"]
[WhiteElo "1888"]
[BlackElo "1595"]
[PlyCount "109"]
[EventDate "2013.08.31"]
[EventType "swiss"]
[EventRounds "9"]
[EventCountry "GER"]
[SourceTitle "EXT 2017"]
[Source "ChessBase"]
[SourceDate "2016.10.25"]
[SourceVersion "1"]
[SourceVersionDate "2016.10.25"]
[SourceQuality "1"]

1. e4 c5 2. c3 Nf6 3. e5 Nd5 4. d4 cxd4 5. cxd4 Nc6 6. Nf3 d6 7. Nc3 Nxc3 8. bxc3 g6 9. Bf4 dxe5 10. Nxe5 Bg7 11. Bb5 Bd7 12. Nxd7 Qxd7 13. 0-0 a6 14. Ba4 b5 15. Bc2 0-0 16. Be4 Rac8 17. Bg3 Na5 18. Rc1 Nc4 19. Qe2 Rfe8 20. Rfd1 Qe6 21. Qf3 Qb6 22. Bb7 Rcd8 23. Bc6 Rf8 24. Bh4 Rd6 25. Bd5 Bf6 26. Bg3 Rdd8 27. Bxc4 bxc4 28. Qe2 Rc8 29. Rb1 Qa5 30. Rb4 Qd5 31. Rdb1 Rfe8 32. f4 Qf5 33. R1b2 Qd3 34. Qxd3 cxd3 35. Be1 g5 36. g3 gxf4 37. gxf4 Bg7 38. Rg2 Kh8 39. Bd2 f6 40. Rg3 e5 41. fxe5 fxe5 42. dxe5 Bxe5 43. Rxd3 Rg8+ 44. Kf2 Bxh2 45. Rd7 Rg7 46. Rxg7 Kxg7 47. Rb6 Be5 48. Rxa6 Bxc3 49. Bxc3+ Rxc3 50. a4 Ra3 51. a5 Kf7 52. Kg2 Ke7 53. Kh2 Kd7 54. Ra7+ Kc6 55. a6 1/2-1/2

[Event "Wuerttemberg-ch KT"]
[Site "Bisingen"]
[Date "2013.09.05"]
[Round "6"]
[White "Andreev, Vlad"]
[Black "Keller, Joachim"]
[Result "1-0"]
[WhiteElo "2014"]
[BlackElo "1888"]
[PlyCount "53"]
[EventDate "2013.08.31"]
[EventType "swiss"]
[EventRounds "9"]
[EventCountry "GER"]
[SourceTitle "EXT 2017"]
[Source "ChessBase"]
[SourceDate "2016.10.25"]
[SourceVersion "1"]
[SourceVersionDate "2016.10.25"]
[SourceQuality "1"]

1. d4 d5 2. c4 e6 3. Nc3 Nf6 4. cxd5 exd5 5. Bg5 Be7 6. Qc2 0-0 7. e3 h6 8. Bh4 Nbd7 9. Bd3 b6 10. Nf3 Bb7 11. 0-0 Re8 12. Bg3 c6 13. Rab1 Bf8 14. a3 c5 15. Nb5 cxd4 16. Nfxd4 Ne4 17. Qc7 Nxg3 18. Qxg3 Nc5 19. Bc2 a6 20. Nf5 g6 21. Nc7 Ne4 22. Bxe4 Rxe4 23. Nxa8 Bxa8 24. Rbc1 h5 25. Nd4 Bb7 26. Qc7 Qxc7 27. Rxc7 1-0

[Event "Wuerttemberg-ch KT"]
[Site "Bisingen"]
[Date "2013.09.04"]
[Round "5"]
[White "Fuss, Klaus"]
[Black "Keller, Joachim"]
[Result "1-0"]
[WhiteElo "2077"]
[BlackElo "1888"]
[PlyCount "74"]
[EventDate "2013.08.31"]
[EventType "swiss"]
[EventRounds "9"]
[EventCountry "GER"]
[SourceTitle "EXT 2017"]
[Source "ChessBase"]
[SourceDate "2016.10.25"]
[SourceVersion "1"]
[SourceVersionDate "2016.10.25"]
[SourceQuality "1"]

1. g3 d5 2. Bg2 Bf5 3. f4 Nc6 4. Nf3 Qd7 5. h3 h5 6. d3 0-0-0 7. Nc3 Nf6 8. Ne5 Nxe5 9. fxe5 d4 10. e4 Bg6 11. exf6 dxc3 12. fxe7 Bxe7 13. bxc3 Qc6 14. 0-0 Qxc3 15. Rb1 Bc5+ 16. Kh1 Bb6 17. Bb2 Qa5 18. Bxg7 Rhe8 19. Bf6 Rd7 20. Qe2 Qxa2 21. h4 Kb8 22. Rb3 Bd4 23. Bxd4 Rxd4 24. Rfb1 b6 25. e5 Red8 26. Qf3 Be4 27. dxe4 Qxc2 28. R1b2 Rd1+ 29. Kh2 Qc5 30. Qxh5 Re1 31. Re2 Rxe2 32. Qxe2 Qxe5 33. Rb5 Qe8 34. e5 c6 35. Qe4 Kc7 36. Rb2 a5 37. Rc2 Rd5 1-0

[Event "Wuerttemberg-ch KT"]
[Site "Bisingen"]
[Date "2013.09.02"]
[Round "3"]
[White "Keller, Joachim"]
[Black "Moedinger, Roland"]
[Result "1-0"]
[WhiteElo "1888"]
[BlackElo "2067"]
[PlyCount "71"]
[EventDate "2013.08.31"]
[EventType "swiss"]
[EventRounds "9"]
[EventCountry "GER"]
[SourceTitle "EXT 2017"]
[Source "ChessBase"]
[SourceDate "2016.10.25"]
[SourceVersion "1"]
[SourceVersionDate "2016.10.25"]
[SourceQuality "1"]

1. d4 Nf6 2. Bf4 d5 3. e3 e6 4. Nd2 Bd6 5. Bg3 0-0 6. Bd3 Re8 7. f4 c5 8. c3 b6 9. Bh4 Bb7 10. Rc1 Nbd7 11. Qf3 Be7 12. a3 Rc8 13. Ne2 g6 14. Bf2 Qc7 15. g4 Bd6 16. h4 cxd4 17. exd4 h5 18. gxh5 Nxh5 19. Be3 Ndf6 20. Nf1 Kg7 21. Nfg3 Rh8 22. Kd2 Rcg8 23. Rcg1 Kf8 24. Nxh5 Nxh5 25. Rg5 Be7 26. f5 Bxg5 27. hxg5 exf5 28. Bxf5 Ba6 29. Nf4 gxf5 30. Nxh5 Qc4 31. Bf4 Rg6 32. Be5 Rh7 33. Bf6 Qb3 34. Kc1 Qa2 35. Qe3 Rxf6 36. gxf6 1-0

[Event "Wuerttemberg-ch KT"]
[Site "Illertissen"]
[Date "2012.08.30"]
[Round "6"]
[White "Schluricke, Reinhard"]
[Black "Keller, Joachim"]
[Result "0-1"]
[WhiteElo "1831"]
[BlackElo "1868"]
[PlyCount "50"]
[EventDate "2012.08.25"]
[EventType "swiss"]
[EventRounds "9"]
[EventCountry "GER"]
[SourceTitle "EXT 2017"]
[Source "ChessBase"]
[SourceDate "2016.10.25"]
[SourceVersion "1"]
[SourceVersionDate "2016.10.25"]
[SourceQuality "1"]

1. d4 d5 2. c4 e6 3. Nc3 c5 4. Nf3 Nc6 5. cxd5 exd5 6. g3 Nf6 7. Bg2 Be7 8. 0-0 0-0 9. Bf4 Bg4 10. Ne5 Be6 11. Nf3 Rc8 12. h3 Re8 13. Be3 cxd4 14. Nxd4 Qd7 15. Rc1 Bxh3 16. Qa4 Bd6 17. Nxc6 bxc6 18. Bd4 Ne4 19. Nxe4 dxe4 20. Bxg7 Kxg7 21. Rfd1 Bxg2 22. Qd4+ Kg8 23. Kxg2 Re6 24. Rh1 Qe7 25. Rxh7 Kxh7 0-1

[Event "Wuerttemberg-ch KT"]
[Site "Illertissen"]
[Date "2012.08.29"]
[Round "5"]
[White "Keller, Joachim"]
[Black "Hartmann, Thomas1111"]
[Result "0-1"]
[WhiteElo "1868"]
[BlackElo "2003"]
[PlyCount "40"]
[EventDate "2012.08.25"]
[EventType "swiss"]
[EventRounds "9"]
[EventCountry "GER"]
[SourceTitle "EXT 2017"]
[Source "ChessBase"]
[SourceDate "2016.10.25"]
[SourceVersion "1"]
[SourceVersionDate "2016.10.25"]
[SourceQuality "1"]

1. e4 d5 2. exd5 Nf6 3. d4 Bg4 4. Be2 Bxe2 5. Qxe2 Qxd5 6. Nf3 Nc6 7. c4 Qf5 8. 0-0 0-0-0 9. d5 Nb4 10. a3 Nc2 11. Ra2 e5 12. Qxe5 Qg6 13. b4 Re8 14. Qb2 Re2 15. Bd2 Ne3 16. Nh4 Qh5 17. fxe3 Qxh4 18. Rf4 Ng4 19. h3 Qg3 20. Rxg4 Rxg2+ 0-1

[Event "Wuerttemberg-ch KT"]
[Site "Stuttgart"]
[Date "2010.09.04"]
[Round "8"]
[White "Keller, Joachim"]
[Black "Ruff, Robert"]
[Result "1-0"]
[WhiteElo "1839"]
[BlackElo "1827"]
[PlyCount "89"]
[EventDate "2010.08.28"]
[EventType "swiss"]
[EventRounds "9"]
[EventCountry "GER"]
[SourceTitle "EXT 2017"]
[Source "ChessBase"]
[SourceDate "2016.10.25"]
[SourceVersion "1"]
[SourceVersionDate "2016.10.25"]
[SourceQuality "1"]

1. d4 d5 2. Bf4 c5 3. e3 Nc6 4. c3 Qb6 5. Qc1 Nf6 6. Bd3 c4 7. Bc2 Nh5 8. Bg3 Bg4 9. Nd2 Nxg3 10. hxg3 e5 11. Ngf3 e4 12. Ng1 Bd6 13. b3 cxb3 14. axb3 f5 15. f3 Bxg3+ 16. Kd1 0-0 17. fxg4 fxg4 18. Ne2 Bf2 19. Nf1 Rac8 20. Qd2 Na5 21. Rb1 Rf7 22. Nf4 g3 23. Nxd5 Qg6 24. c4 b6 25. Nc3 Re8 26. Qe2 Nc6 27. Nd2 Nb4 28. Bxe4 Rxe4 29. Ndxe4 Rf5 30. Kd2 Ra5 31. Rb2 Na2 32. Nxf2 Nxc3 33. Kxc3 gxf2 34. Qxf2 Rf5 35. Qc2 Qg5 36. Qe4 h6 37. Re1 a5 38. Ree2 Qf6 39. g4 Rf1 40. Qd5+ Kh8 41. g5 Qg6 42. gxh6 Rc1+ 43. Rbc2 Qg1 44. hxg7+ Kxg7 45. Rg2+ 1-0

[Event "Wuerttemberg-ch KT"]
[Site "Stuttgart"]
[Date "2010.08.31"]
[Round "4"]
[White "Baumeister, Juergen"]
[Black "Keller, Joachim"]
[Result "1/2-1/2"]
[WhiteElo "1848"]
[BlackElo "1839"]
[PlyCount "103"]
[EventDate "2010.08.28"]
[EventType "swiss"]
[EventRounds "9"]
[EventCountry "GER"]
[SourceTitle "EXT 2017"]
[Source "ChessBase"]
[SourceDate "2016.10.25"]
[SourceVersion "1"]
[SourceVersionDate "2016.10.25"]
[SourceQuality "1"]

1. e4 e6 2. d4 d5 3. Nc3 dxe4 4. Nxe4 Bd7 5. Bc4 Bc6 6. Qd3 Nd7 7. f3 Ngf6 8. Ne2 Nxe4 9. fxe4 Qh4+ 10. Ng3 Bd6 11. 0-0 Bxg3 12. Qxg3 Qxg3 13. hxg3 Bxe4 14. c3 0-0 15. Bf4 c6 16. Rf2 Nb6 17. Bb3 Bg6 18. Re1 Rfe8 19. a4 h6 20. Rfe2 Bf5 21. a5 Nd5 22. Bd6 Red8 23. Bc5 b6 24. Bxd5 bxc5 25. Bxc6 Rac8 26. d5 exd5 27. Re8+ Rxe8 28. Rxe8+ Rxe8 29. Bxe8 Kf8 30. Bc6 Be6 31. b4 cxb4 32. cxb4 Ke7 33. Kf2 Kd6 34. Be8 d4 35. Ke2 Bd5 36. Kd3 Ke5 37. b5 f6 38. Bg6 Bxg2 39. Kc4 f5 40. Be8 g5 41. b6 axb6 42. axb6 d3 43. Kxd3 f4 44. gxf4+ Kxf4 45. Kd4 g4 46. Kc5 Bb7 47. Bc6 Ba6 48. Bb5 Bb7 49. Bc6 Ba6 50. Kd6 g3 51. Kc5 h5 52. Bb5 1/2-1/2

[Event "Wuerttemberg-ch KT"]
[Site "Stuttgart"]
[Date "2010.08.30"]
[Round "3"]
[White "Keller, Joachim"]
[Black "Schmidt, Martin5555"]
[Result "0-1"]
[WhiteElo "1839"]
[BlackElo "1881"]
[PlyCount "44"]
[EventDate "2010.08.28"]
[EventType "swiss"]
[EventRounds "9"]
[EventCountry "GER"]
[SourceTitle "EXT 2017"]
[Source "ChessBase"]
[SourceDate "2016.10.25"]
[SourceVersion "1"]
[SourceVersionDate "2016.10.25"]
[SourceQuality "1"]

1. d4 Nf6 2. Bf4 d6 3. e3 g6 4. Nf3 Bg7 5. h3 0-0 6. Be2 c5 7. 0-0 cxd4 8. exd4 a6 9. c3 Nc6 10. Nbd2 b5 11. a3 Rb8 12. b4 Nd5 13. Be3 Nxc3 14. Qe1 Nxe2+ 15. Qxe2 Bb7 16. Nb3 Ba8 17. Qd2 Re8 18. a4 Qd7 19. a5 Rbc8 20. Rad1 Qf5 21. Rb1 e6 22. Ne1 Qxb1 0-1

[Event "Stuttgart-chB int"]
[Site "Ditzingen"]
[Date "2006.05.27"]
[Round "6"]
[White "Groetzinger, Werner"]
[Black "Keller, Joachim"]
[Result "1/2-1/2"]
[WhiteElo "1403"]
[BlackElo "1663"]
[PlyCount "97"]
[EventDate "2006.05.25"]
[EventType "swiss"]
[EventRounds "7"]
[EventCountry "GER"]
[SourceTitle "EXT 2018"]
[Source "ChessBase"]
[SourceDate "2017.10.13"]
[SourceVersion "1"]
[SourceVersionDate "2017.10.13"]
[SourceQuality "1"]

1. d4 d5 2. g3 e6 3. Bg2 Nf6 4. Nf3 Be7 5. 0-0 c5 6. dxc5 Bxc5 7. e3 0-0 8. c3 Nc6 9. Nbd2 a6 10. Nb3 Bb6 11. Nbd4 Qe7 12. Nxc6 bxc6 13. Ne5 Bb7 14. Qb3 Qc7 15. Nd3 Nd7 16. Qc2 Rac8 17. Bh3 a5 18. Nf4 Rfe8 19. Bg2 c5 20. e4 d4 21. c4 Ne5 22. Nd3 Nc6 23. a3 e5 24. Bh3 Ra8 25. Qe2 Qe7 26. Qc2 Nd8 27. Bg2 Qe6 28. a4 Ba6 29. b3 Bb7 30. Ba3 Qe7 31. Rae1 Bc8 32. h4 Ra7 33. Bc1 f6 34. f3 Nc6 35. Bd2 Be6 36. f4 Raa8 37. fxe5 fxe5 38. Kh2 Rf8 39. Bh3 Bxh3 40. Kxh3 Rxf1 41. Rxf1 Rf8 42. Qd1 Rxf1 43. Qxf1 Qf7 44. Qxf7+ Kxf7 45. Kg4 Ke6 46. Kh5 Nd8 47. Bg5 Nf7 48. Bd2 Nd6 49. Nf2 1/2-1/2

[Event "Stuttgart-chB int"]
[Site "Ditzingen"]
[Date "2006.05.25"]
[Round "2"]
[White "Odubhlaing, Seosamk"]
[Black "Keller, Joachim"]
[Result "1/2-1/2"]
[WhiteElo "1510"]
[BlackElo "1663"]
[PlyCount "132"]
[EventDate "2006.05.25"]
[EventType "swiss"]
[EventRounds "7"]
[EventCountry "GER"]
[SourceTitle "EXT 2018"]
[Source "ChessBase"]
[SourceDate "2017.10.13"]
[SourceVersion "1"]
[SourceVersionDate "2017.10.13"]
[SourceQuality "1"]

1. e4 d5 2. exd5 Qxd5 3. d4 Nf6 4. c4 Qd6 5. Nc3 c6 6. Nf3 Bg4 7. Be2 e6 8. 0-0 Be7 9. c5 Qc7 10. Ne5 Bf5 11. Bf4 Qc8 12. b4 a6 13. a4 0-0 14. a5 Rd8 15. Nf3 Ne8 16. Qb3 Nd7 17. Bc4 Ndf6 18. Rad1 Nc7 19. Nh4 Bg4 20. f3 Bh5 21. g4 Nfd5 22. Ng2 Bg6 23. h4 Nxf4 24. Nxf4 Bxh4 25. Nxg6 hxg6 26. f4 Nd5 27. Ne4 Be7 28. g5 f6 29. gxf6 gxf6 30. Qg3 Kf7 31. Rf3 Qc7 32. Bxd5 Rxd5 33. Ng5+ Rxg5 34. fxg5 Qxg3+ 35. Rxg3 f5 36. Kf2 Rh8 37. Ke3 Rh5 38. Kf4 Bd8 39. Rgg1 Rh4+ 40. Kf3 Rh5 41. Rh1 Bxg5 42. Rxh5 gxh5 43. b5 cxb5 44. d5 exd5 45. Rxd5 Ke8 46. Rxf5 Bd2 47. Rxh5 Bxa5 48. Rh7 Bb4 49. Rxb7 Bxc5 50. Ke4 Be7 51. Kd5 Kf7 52. Kc6 Ke6 53. Kb6 b4 54. Kxa6 Bd6 55. Ka5 Kd5 56. Ka4 Kc4 57. Rh7 Kc3 58. Rh3+ Kc4 59. Rh1 Kd5 60. Kb3 Bf8 61. Rh5+ Kd4 62. Rh8 Be7 63. Rh7 Bf8 64. Rf7 Bd6 65. Rg7 Kc5 66. Rg5+ Kd4 1/2-1/2